El habla de la Cabrera Alta (Record no. 180117)
[ view plain ]
| 000 -LEADER | |
|---|---|
| campo de control de longitud fija | 00990nam a2200229 i 4500 |
| 001 - NÚMERO DE CONTROL | |
| campo de control | 180117 |
| 003 - IDENTIFICADOR DE NÚMERO DE CONTROL | |
| campo de control | ES-MaACL |
| 005 - FECHA Y HORA DE LA ÚLTIMA TRANSACCIÓN | |
| campo de control | 20230906221013.0 |
| 008 - DATOS DE LONGITUD FIJA--INFORMACIÓN GENERAL | |
| campo de control de longitud fija | 120419s1948 sp bf |||| | spa d |
| 080 ## - NÚMERO DE LA CLASIFICACIÓN DECIMAL UNIVERSAL | |
| Número de la Clasificación Decimal Universal | 811.134.2'282(460.181 Cabrera)(043.2) |
| 100 1# - ENTRADA PRINCIPAL--NOMBRE DE PERSONA | |
| Nombre de persona | Casado, Concha. |
| 9 (RLIN) | 36002 |
| 245 13 - MENCIÓN DEL TÍTULO | |
| Título | El habla de la Cabrera Alta |
| Resto del título | : contribución al estudio del dialecto leonés / |
| Mención de responsabilidad, etc. | por María Concepción Casado Lobato. |
| 260 ## - PUBLICACIÓN, DISTRIBUCIÓN, ETC. | |
| Lugar de publicación, distribución, etc. | Madrid : |
| Nombre del editor, distribuidor, etc. | Consejo Superior de Investigaciones Científicas, Patronato "Menéndez Pelayo", Instituto "Miguel de Cervantes", |
| Fecha de publicación, distribución, etc. | 1948. |
| 300 ## - DESCRIPCIÓN FÍSICA | |
| Extensión | XIX, 190 p., 2 h., 20 lám., 1 map. pleg. ; |
| Dimensiones | 24 cm. |
| 490 1# - MENCIÓN DE SERIE | |
| Mención de serie | Anejos de "La revista de filología española" ; |
| Designación de volumen o secuencia | 44 |
| 650 #4 - PUNTO DE ACCESO ADICIONAL DE MATERIA--TÉRMINO DE MATERIA | |
| Término de materia o nombre geográfico como elemento de entrada | Lengua española- |
| Subdivisión geográfica | León (Provincia) |
| 9 (RLIN) | 163192 |
| 650 #4 - PUNTO DE ACCESO ADICIONAL DE MATERIA--TÉRMINO DE MATERIA | |
| Término de materia o nombre geográfico como elemento de entrada | Dialecto leonés. |
| 9 (RLIN) | 163592 |
| 710 2# - ENTRADA AGREGADA--NOMBRE DE ENTIDAD CORPORATIVA | |
| Nombre de entidad corporativa o nombre de jurisdicción como elemento de entrada | Instituto "Miguel de Cervantes" |
| 9 (RLIN) | 5133 |
| 830 0# - PUNTO DE ACCESO ADICIONAL DE SERIE-TÍTULO UNIFORME | |
| Título uniforme | Anejos de "La revista de filología española" ; |
| Designación de volumen o secuencia | 44 |
| 9 (RLIN) | 191161 |
| 852 ## - LOCALIZACIÓN | |
| Ubicación | ES-MaACL |
| Número de control de estantería | E-15391 |
| Estatus retirado | Estado de pérdida | Estado de daño | No para préstamo | Biblioteca de origen | Biblioteca actual | Ubicación en estantería | Fecha de adquisición | Fuente de adquisición | Total de préstamos | Signatura topográfica completa | Código de barras | Visto por última vez | Precio de reemplazo | Tipo de ítem Koha |
|---|---|---|---|---|---|---|---|---|---|---|---|---|---|---|
| Biblioteca del Ateneo de Madrid | Biblioteca del Ateneo de Madrid | Depósito 2 | 19/04/2012 | E-15391 | 1189253 | 23/02/2023 | 23/02/2023 | Libro impreso |
